000 01537cam a2200265 4500
001 ABS64052
008 000000n2001 000 0 eng u
035 _a(Sirsi) u112615
100 _aKalton, M
245 _aE-conveyancing: still offline?
260 _c2001
490 _aSolicitors' Journal
_v145(17) 4 May 2001, 401-402(2)
520 _aDiscusses the scope and implications of the recent consultation paper, "Electronic Conveyancing, a draft order under section 8 of the Electronic Communications Act 2000", in the context of conducting the whole conveyancing process electronically. Outlines the key elements of the draft regulations which will allow the use of electronic contracts and signatures, and summaries the current law regarding the form of contracts and conveyances. Considers the impact of the Homes Bill and sellers information packs and questions whether a role for lawyers will still exist in the future. Concludes that the draft regulations only cover a small part of the conveyancing process, and introducing electronic contracts and signatures alone will not greatly increase speed.
590 _aABS
650 _aECONVEYANCING
650 _aHOMES BILL 2001
650 _aE-SIGNATURES
650 _aELECTRONIC CONTRACTS
650 _aELECTRONIC COMMUNICATIONS ACT 2000
650 _aPROPERTY-RESIDENTIAL PROPERTY-ACQUISITION AND DISPOSAL OF RESIDENTIAL PROPERTY
650 _aHOME INFORMATION PACKS
690 _aPROPERTY AND LAND LAW-CONVEYANCING
700 _aRichards, M
942 _n0
999 _c67038
_d67038